The ten word game / (Record no. 933)
[ view plain ]
| 000 -LEADER | |
|---|---|
| fixed length control field | 00797pam a2200277 4500 |
| 001 - CONTROL NUMBER | |
| control field | 1298 |
| 003 - CONTROL NUMBER IDENTIFIER | |
| control field | OCoLC |
| 005 - DATE AND TIME OF LATEST TRANSACTION | |
| control field | 20181127163046.0 |
| 008 - FIXED-LENGTH DATA ELEMENTS--GENERAL INFORMATION | |
| fixed length control field | 031024r20042003nyu 000 1 eng |
| 010 ## - LIBRARY OF CONGRESS CONTROL NUMBER | |
| LC control number | 2003066810 |
| 020 ## - INTERNATIONAL STANDARD BOOK NUMBER | |
| International Standard Book Number | 0312323476 |
| 043 ## - GEOGRAPHIC AREA CODE | |
| Geographic area code | e-uk-en |
| 100 1# - MAIN ENTRY--PERSONAL NAME | |
| Personal name | Gash, Jonathan. |
| 245 14 - TITLE STATEMENT | |
| Title | The ten word game / |
| Statement of responsibility, etc. | Jonathan Gash. |
| 250 ## - EDITION STATEMENT | |
| Edition statement | 1st U.S. ed. |
| 260 ## - PUBLICATION, DISTRIBUTION, ETC. | |
| Place of publication, distribution, etc. | New York : |
| Name of publisher, distributor, etc. | Thomas Dunne Books/St. Martin's Minotaur, |
| Date of publication, distribution, etc. | 2004. |
| 300 ## - PHYSICAL DESCRIPTION | |
| Extent | 320 p. ; |
| Dimensions | 25 cm. |
| 650 #0 - SUBJECT ADDED ENTRY--TOPICAL TERM | |
| Topical term or geographic name entry element | Abduction |
| Form subdivision | Fiction. |
| Topical term or geographic name entry element | Amber art objects |
| Form subdivision | Fiction. |
| Topical term or geographic name entry element | Antique dealers |
| Form subdivision | Fiction. |
| Topical term or geographic name entry element | Art thefts |
| Form subdivision | Fiction. |
| Topical term or geographic name entry element | Cruise ships |
| Form subdivision | Fiction. |
| Topical term or geographic name entry element | Lovejoy (Fictitious character) |
| Form subdivision | Fiction. |
| 651 #0 - SUBJECT ADDED ENTRY--GEOGRAPHIC NAME | |
| Geographic name | England |
| Form subdivision | Fiction. |
| 655 #7 - INDEX TERM--GENRE/FORM | |
| Genre/form data or focus term | Mystery fiction. |
| Source of term | gsafd. |
| Withdrawn status | Lost status | Source of classification or shelving scheme | Damaged status | Not for loan | Collection code | Home library | Current library | Shelving location | Date acquired | Serial Enumeration / chronology | Inventory number | Full call number | Barcode | Date last seen | Price effective from | Koha item type |
|---|---|---|---|---|---|---|---|---|---|---|---|---|---|---|---|---|
| Dewey Decimal Classification | Fiction | RTC Library | RTC Library | Fiction | 07/04/2022 | 1697 | FIC 813.54 GAS | 30000756 | 03/01/2022 | 27/11/2018 | Fiction |